| 000 -LEADER |
| fixed length control field |
00853pab a2200181 454500 |
| 008 - FIXED-LENGTH DATA ELEMENTS--GENERAL INFORMATION |
| fixed length control field |
180718b2003 xxu||||| |||| 00| 0 eng d |
| 100 ## - MAIN ENTRY--PERSONAL NAME |
| Personal name |
Askildsen, Jan-Erik |
| 245 ## - TITLE STATEMENT |
| Title |
Bargaining credibility and the limits to within-firm pensions |
| 260 ## - PUBLICATION, DISTRIBUTION, ETC. |
| Date of publication, distribution, etc. |
2003 |
| 300 ## - PHYSICAL DESCRIPTION |
| Extent |
p.515-28. |
| 362 ## - DATES OF PUBLICATION AND/OR SEQUENTIAL DESIGNATION |
| Dates of publication and/or sequential designation |
Dec |
| 520 ## - SUMMARY, ETC. |
| Summary, etc. |
A simple bargaining model highlights the role of commitment to a low-risk investment policy for firms which offer within-house pension and health insurance schemes. The roles of this commitment level plus bargaining power, and the ability of a failing firm to misappropriate pensions funds, are studied and their influence on the equilibrium pension determined. - Reproduced. |
| 650 ## - SUBJECT ADDED ENTRY--TOPICAL TERM |
| Topical term or geographic name entry element |
Social security |
| 650 ## - SUBJECT ADDED ENTRY--TOPICAL TERM |
| Topical term or geographic name entry element |
Pensions |
| 700 ## - ADDED ENTRY--PERSONAL NAME |
| Personal name |
Ireland, Norman J. |
| 773 ## - HOST ITEM ENTRY |
| Main entry heading |
Annals of Public and Cooperative Economics |
| 909 ## - |
| -- |
59223 |